Novísima legislación hipotecaria de España : (Record no. 153785)

MARC details
000 -LEADER
campo de control de longitud fija 01038nam a22002295i 4500
001 - NÚMERO DE CONTROL
campo de control 153785
003 - IDENTIFICADOR DE NÚMERO DE CONTROL
campo de control ES-MaACL
005 - FECHA Y HORA DE LA ÚLTIMA TRANSACCIÓN
campo de control 20250827062633.0
008 - DATOS DE LONGITUD FIJA--INFORMACIÓN GENERAL
campo de control de longitud fija 990520s1879 sp |||| | spa d
110 1# - ENTRADA PRINCIPAL--NOMBRE DE ENTIDAD CORPORATIVA
Nombre de entidad corporativa o nombre de jurisdicción como elemento de entrada España
9 (RLIN) 3622
240 10 - TÍTULO UNIFORME
Título uniforme Leyes, etc., hipotecarias
245 10 - MENCIÓN DEL TÍTULO
Título Novísima legislación hipotecaria de España :
Resto del título comprende la exposición sobre los motivos y fundamentos de la Ley hipotecaria de 8 de febrero de 1861... anotada y concordada... y aumentada con varios apéndices... /
Mención de responsabilidad, etc. por D. Luis Moreno y Gil de Borja.
250 ## - MENCION DE EDICION
Mención de edición 3ª ed.
260 ## - PUBLICACIÓN, DISTRIBUCIÓN, ETC.
Lugar de publicación, distribución, etc. Madrid :
Nombre del editor, distribuidor, etc. Administración,
Fecha de publicación, distribución, etc. 1879 (
Fabricante Imp. de E. de la Riva)
300 ## - DESCRIPCIÓN FÍSICA
Extensión 676 p. ;
Dimensiones 22 cm.
530 ## - NOTA DISPONIBLE DE FORMULARIO FÍSICO ADICIONAL
Nota de formato físico adicional disponible Disponible en formato digital.
650 #4 - PUNTO DE ACCESO ADICIONAL DE MATERIA--TÉRMINO DE MATERIA
Término de materia o nombre geográfico como elemento de entrada Hipotecas-
Subdivisión geográfica España-
Subdivisión de forma Legislación.
9 (RLIN) 13366
700 1# - ENTRADA AGREGADA--NOMBRE PERSONAL
Nombre de persona Moreno y Gil de Borja, Luis,
Títulos y otros términos asociados al nombre Marqués de Borja,
Fechas asociadas al nombre 1855-1917
9 (RLIN) 172546
852 ## - LOCALIZACIÓN
Ubicación ES-MaACL
Número de control de estantería B-1021
Nota libre - Enc. hol.
856 ## - LOCALIZACIÓN Y ACCESO ELECTRÓNICOS
Identificador Uniforme de Recursos <a href="http://bdh-rd.bne.es/viewer.vm?id=0000051353&page=1 ">http://bdh-rd.bne.es/viewer.vm?id=0000051353&page=1 </a>
Nota pública Biblioteca Digital Hispánica
Holdings
Estatus retirado Estado de pérdida Estado de daño No para préstamo Colección Biblioteca de origen Biblioteca actual Ubicación en estantería Fecha de adquisición Fuente de adquisición Total de préstamos Signatura topográfica completa Código de barras Visto por última vez Precio de reemplazo Tipo de ítem Koha
        Colección digital Biblioteca del Ateneo de Madrid Biblioteca del Ateneo de Madrid Sala Pardo Bazán 17/01/2008     B-1021 1160782 23/02/2023 23/02/2023 Libro impreso antiguo